| 000 | 00885nam a2200265 a 4500 | ||
|---|---|---|---|
| 001 | BRL_1028 | ||
| 005 | 20190320211013.0 | ||
| 008 | 011113s1957----mx-a######---#000-0#spa-# | ||
| 041 | _aspa | ||
| 044 | _amx | ||
| 050 | 4 |
_aF1219.3.R38 _b.S45 1957 |
|
| 100 | 1 |
_aSéjourné, Laurette _923860 |
|
| 245 | 1 | 0 |
_aPensamiento y religión en el México antiguo _cpor Laurette Séjourné ; dibujos de Abel Mendoza. |
| 260 |
_aMéxico _bFondo de Cultura Ecnonómica _c1957 |
||
| 300 |
_a220 p. _bil. _c17 cm. |
||
| 440 | 0 |
_aBreviarios del Fondo de Cultura Económica _v128 _925622 |
|
| 500 | _aAu1110 | ||
| 500 | _aEstado físico: Le falta una parte del lomo a la camisa. | ||
| 650 | 1 | 4 |
_aQuetzalcóatl (Dios azteca) _923872 |
| 650 | 1 | 4 |
_aAztecas _xReligión _95290 |
| 650 | 1 | 4 |
_aMitología Azteca _92487 |
| 650 | 1 | 4 |
_aIndígenas de México _xReligión _95291 |
| 902 | _aGRL | ||
| 942 |
_2lcc _cB |
||
| 999 |
_c9840 _d9840 |
||